000 00534nam a2200181Ia 4500
005 20250923144833.0
008 008 250917s9999 xx 000 0 eng d
037 _aTextual
040 _aDSWL
_beng
_cDSWL
041 _aeng
_2eng
084 _aYX,Z50gQ6:65N01, M52
_qDSWL
100 _aDenny, J.K.H.
_9828924
245 0 _aToward the sun rising
_cby J.K.H. Denny
260 _aLondon
_bMarshallBrothers
300 _a262p.
942 _cTEXL
_hYX,Z50gQ6:65N01, M52
999 _c1443967
_d1443967